00254nam a2200109Ia 4500008004100000100001100041245003700052260002000089650001300109942000700122999001500129190216s9999||||xx |||||||||||||| ||und|| aSharma 0aAuditing Principles And Problems bSahithya Bhavan aCommerce cBK c5306d5306